[Event "EU-ch Seniors 50 18th"]
[Site "Drammen"]
[Date "2018.08.12"]
[Round "9"]
[White "Warstad, Leif Edvin"]
[Black "Skar, Oystein"]
[Result "0-1"]
[WhiteElo "1564"]
[BlackElo "1705"]
[PlyCount "56"]
[EventDate "2018.08.04"]
[EventType "swiss"]
[EventRounds "9"]
[EventCountry "NOR"]
[SourceTitle "CBM 185 Extra"]
[Source "ChessBase"]
[SourceDate "2018.07.29"]
[SourceVersion "1"]
[SourceVersionDate "2018.07.29"]
[SourceQuality "1"]

1. d4 e6 2. Nf3 Nf6 3. c4 c5 4. d5 b5 5. cxb5 Nxd5 6. Nc3 Nxc3 7. bxc3 Be7 8. e3 0-0 9. Be2 a6 10. 0-0 axb5 11. Bxb5 d5 12. Qe2 Bb7 13. Rd1 Qc7 14. Bb2 Bf6 15. a4 Nc6 16. Rab1 Na5 17. Nd2 Rfd8 18. e4 c4 19. exd5 exd5 20. Nf3 Nb3 21. Qc2 Bc6 22. Qf5 Bxb5 23. axb5 Qd7 24. Nd4 Nxd4 25. Qxd7 Rxd7 26. cxd4 Rb7 27. Bc3 Rab8 28. Re1 h6 0-1

[Event "EU-ch Seniors 50 18th"]
[Site "Drammen"]
[Date "2018.08.08"]
[Round "5"]
[White "Skar, Oystein"]
[Black "Gunnarsson, Lennart"]
[Result "1/2-1/2"]
[WhiteElo "1705"]
[BlackElo "1771"]
[PlyCount "48"]
[EventDate "2018.08.04"]
[EventType "swiss"]
[EventRounds "9"]
[EventCountry "NOR"]
[SourceTitle "CBM 185 Extra"]
[Source "ChessBase"]
[SourceDate "2018.07.29"]
[SourceVersion "1"]
[SourceVersionDate "2018.07.29"]
[SourceQuality "1"]

1. Nf3 Nf6 2. c4 c6 3. d4 d5 4. Nc3 e6 5. e3 Be7 6. Bd3 0-0 7. 0-0 Nbd7 8. b3 b6 9. Bb2 Bb7 10. Ne5 c5 11. Qe2 cxd4 12. exd4 Rc8 13. Rad1 Bd6 14. f4 h6 15. Bb1 dxc4 16. Nxc4 Bb8 17. Ne5 Nxe5 18. fxe5 Nd5 19. Ne4 Ne7 20. Qh5 Nf5 21. Rf3 Bxe4 22. Bxe4 Bxe5 23. Bxf5 exf5 24. Qxf5 Bf6 1/2-1/2

[Event "EU-ch Seniors 50 18th"]
[Site "Drammen"]
[Date "2018.08.07"]
[Round "4"]
[White "Zimmermann, Luc"]
[Black "Skar, Oystein"]
[Result "1-0"]
[WhiteElo "2184"]
[BlackElo "1705"]
[PlyCount "79"]
[EventDate "2018.08.04"]
[EventType "swiss"]
[EventRounds "9"]
[EventCountry "NOR"]
[SourceTitle "CBM 185 Extra"]
[Source "ChessBase"]
[SourceDate "2018.07.29"]
[SourceVersion "1"]
[SourceVersionDate "2018.07.29"]
[SourceQuality "1"]

1. e4 g6 2. d4 c5 3. dxc5 Qa5+ 4. Nc3 Bg7 5. Bd2 Qxc5 6. Nd5 Na6 7. Nf3 e6 8. b4 Qd6 9. Bf4 e5 10. Bg5 Qb8 11. Bc4 d6 12. 0-0 Be6 13. Bb5+ Kf8 14. a3 f6 15. Bxa6 bxa6 16. Be3 Ne7 17. c4 Kf7 18. Nxe7 Kxe7 19. c5 dxc5 20. bxc5 Rd8 21. Qc2 Qc7 22. Qa4 f5 23. Bg5+ Bf6 24. Bxf6+ Kxf6 25. exf5 gxf5 26. Qh4+ Kg6 27. Qg5+ Kf7 28. Qh6 Rg8 29. Ng5+ Rxg5 30. Qxg5 Rg8 31. Qh5+ Kf6 32. Qh4+ Kf7 33. Qxh7+ Rg7 34. Qh5+ Kf8 35. Rac1 Rh7 36. Qg6 Qe7 37. g3 Rg7 38. Qh6 Kg8 39. c6 Rh7 40. Qd2 1-0

[Event "Oslo-ch"]
[Site "Oslo"]
[Date "2017.08.16"]
[Round "1"]
[White "Rosengren, Jon Even"]
[Black "Skar, Oystein"]
[Result "1/2-1/2"]
[WhiteElo "1187"]
[BlackElo "1717"]
[PlyCount "52"]
[EventDate "2017.08.16"]
[EventType "swiss"]
[EventRounds "9"]
[EventCountry "NOR"]
[SourceTitle "EXT 2024"]
[Source "ChessBase"]
[SourceDate "2023.10.10"]
[SourceVersion "1"]
[SourceVersionDate "2023.10.10"]
[SourceQuality "1"]

1. d4 Nf6 2. Nf3 e6 3. Bg5 c5 4. e3 Nc6 5. Bd3 Be7 6. c3 b6 7. Nbd2 d5 8. Bb5 Bd7 9. Bxc6 Bxc6 10. Ne5 Qc7 11. f4 h6 12. Bh4 0-0 13. 0-0 Bb7 14. Qe2 Ne4 15. Bxe7 Qxe7 16. Rf3 Nxd2 17. Qxd2 Rfe8 18. Qe2 a5 19. Rh3 Rad8 20. Qg4 Kf8 21. Rf1 Rd6 22. f5 exf5 23. Rxf5 Bc8 24. Ng6+ Rxg6 25. Qxg6 Bxf5 26. Qxf5 Qe4 1/2-1/2